[Event "Mittelfranken-chTB1 1314"]
[Site "Mittelfranken"]
[Date "2014.03.09"]
[Round "7.6"]
[White "Suess, Stefan"]
[Black "Ziegler, Peter"]
[Result "1-0"]
[WhiteElo "2047"]
[BlackElo "1758"]
[PlyCount "83"]
[EventDate "2013.10.20"]
[EventType "team-tourn"]
[EventRounds "9"]
[EventCountry "GER"]
[SourceTitle "EXT 2020"]
[Source "ChessBase"]
[SourceDate "2019.10.17"]
[SourceVersion "1"]
[SourceVersionDate "2019.10.17"]
[SourceQuality "1"]
[WhiteTeam "Nuernberg NT III"]
[BlackTeam "Nuernberg Zabo"]
[WhiteTeamCountry "GER"]
[BlackTeamCountry "GER"]

1. d4 Nf6 2. c4 g6 3. Nc3 d5 4. cxd5 Nxd5 5. e4 Nxc3 6. bxc3 Bg7 7. Bc4 c5 8. Ne2 0-0 9. 0-0 Nc6 10. Be3 Qc7 11. Rc1 Bg4 12. f3 Na5 13. Bd3 Bd7 14. Qd2 Rad8 15. Rfd1 Ba4 16. Re1 Qd7 17. d5 b6 18. c4 Nc6 19. Bh6 Nd4 20. Bxg7 Nxe2+ 21. Rxe2 Kxg7 22. Qc3+ Kg8 23. e5 b5 24. e6 b4 25. exd7 bxc3 26. Rxe7 Kg7 27. Rxc3 Kf6 28. Re8 Rfxe8 29. dxe8Q Bxe8 30. Ra3 Rd7 31. Kf2 Ke5 32. Ke3 Kf6 33. Ra6+ Kg7 34. Bc2 Re7+ 35. Kd2 Rb7 36. Ra5 Bd7 37. Kc3 Rc7 38. Be4 f5 39. d6 Rc8 40. Rxa7 fxe4 41. Rxd7+ Kf6 42. fxe4 1-0

[Event "Mittelfranken-chTB2a 1213"]
[Site "Germany"]
[Date "2012.11.18"]
[Round "3.7"]
[White "Ziegler, Peter"]
[Black "Zimmer, Frank2"]
[Result "1/2-1/2"]
[WhiteElo "1820"]
[BlackElo "1848"]
[PlyCount "44"]
[EventDate "2012.10.07"]
[EventType "team-tourn"]
[EventRounds "9"]
[EventCountry "GER"]
[SourceTitle "EXT 2019"]
[Source "ChessBase"]
[SourceDate "2018.10.10"]
[SourceVersion "1"]
[SourceVersionDate "2018.10.10"]
[SourceQuality "1"]
[WhiteTeam "Nuernberg Zabo"]
[BlackTeam "Nuernberg SK 1911 II"]
[WhiteTeamCountry "GER"]
[BlackTeamCountry "GER"]

1. e4 Nf6 2. e5 Nd5 3. d4 d6 4. c4 Nb6 5. exd6 cxd6 6. Nc3 g6 7. Nf3 Bg7 8. Qb3 Nc6 9. d5 Ne5 10. Nxe5 Bxe5 11. Bd3 0-0 12. Bg5 Nd7 13. Qd1 Bg7 14. 0-0 h6 15. Bf4 Ne5 16. Be2 Bf5 17. Qd2 g5 18. Be3 Ng6 19. Rac1 b6 20. Nb5 Bd7 21. Nd4 Rc8 22. Bd3 Ne5 1/2-1/2

[Event "Mittelfranken-chTB2a 1112"]
[Site "Germany"]
[Date "2012.03.25"]
[Round "9.5"]
[White "Ziegler, Peter"]
[Black "Luther, Helmut"]
[Result "0-1"]
[WhiteElo "1820"]
[BlackElo "1949"]
[PlyCount "102"]
[EventDate "2011.09.25"]
[EventType "team-tourn"]
[EventRounds "9"]
[EventCountry "GER"]
[SourceTitle "EXT 2018"]
[Source "ChessBase"]
[SourceDate "2017.10.13"]
[SourceVersion "1"]
[SourceVersionDate "2017.10.13"]
[SourceQuality "1"]
[WhiteTeam "Nuernberg Zabo"]
[BlackTeam "Nuernberg Sued SW III"]
[WhiteTeamCountry "GER"]
[BlackTeamCountry "GER"]

1. e4 d5 2. exd5 Qxd5 3. Nc3 Qa5 4. d4 Nf6 5. Nf3 Bf5 6. Bd2 c6 7. Bc4 e6 8. Qe2 Qc7 9. 0-0-0 Be7 10. h3 b5 11. Bd3 Bxd3 12. Qxd3 a5 13. g4 a4 14. g5 Nd5 15. Nxd5 exd5 16. Rde1 0-0 17. h4 Na6 18. h5 Bd6 19. Qf5 f6 20. Reg1 fxg5 21. Qe6+ Kh8 22. Nxg5 Rf6 23. Qg4 Bf4 24. Ne6 Bxd2+ 25. Kxd2 Qf7 26. Ng5 Rxf2+ 27. Kc1 Qf4+ 28. Qxf4 Rxf4 29. Ne6 Rf7 30. Rg2 Nc7 31. Nxc7 Rxc7 32. Kd2 Rf8 33. Re1 h6 34. Rge2 Kh7 35. Re6 Rf2+ 36. R1e2 Rxe2+ 37. Kxe2 c5 38. dxc5 Rxc5 39. c3 d4 40. cxd4 Rxh5 41. Kd3 Kg8 42. Ke4 Kf7 43. Rb6 Rg5 44. d5 h5 45. Rxb5 h4 46. Kf4 Rg1 47. Ke5 h3 48. Rb7+ Kg6 49. Rb6+ Kg5 50. Rb7 Re1+ 51. Kd4 h2 0-1

[Event "Nuremberg Zabo op 12th"]
[Site "Nuremberg"]
[Date "2010.09.18"]
[Round "2"]
[White "Bunk, Karsten"]
[Black "Ziegler, Peter"]
[Result "1/2-1/2"]
[WhiteElo "2061"]
[BlackElo "1841"]
[PlyCount "120"]
[EventDate "2010.09.17"]
[EventType "swiss"]
[EventRounds "5"]
[EventCountry "GER"]
[SourceTitle "EXT 2011"]
[Source "ChessBase"]
[SourceDate "2010.11.26"]
[SourceVersion "1"]
[SourceVersionDate "2010.11.26"]
[SourceQuality "1"]

1. d4 Nf6 2. Nf3 g6 3. Nc3 d5 4. h3 Bg7 5. Bf4 c5 6. e3 0-0 7. Ne5 Qa5 8. Qd2 Nc6 9. g4 Rd8 10. Bg2 Nd7 11. Nxc6 bxc6 12. Ne2 Qxd2+ 13. Kxd2 Ba6 14. c3 e5 15. dxe5 Nxe5 16. Bxe5 Bxe5 17. Rhe1 Rab8 18. Kc2 Bg7 19. Rad1 Rb6 20. b3 Bxe2 21. Rxe2 Rdb8 22. Red2 a5 23. e4 d4 24. cxd4 cxd4 25. Bf1 c5 26. Bc4 Rf6 27. Rf1 Rf3 28. Rd3 Rf4 29. Bd5 Rb6 30. Kd2 Be5 31. Ke2 Kg7 32. Rc1 Bd6 33. Rf3 Rxf3 34. Kxf3 g5 35. Ke2 f6 36. Kd3 Kf8 37. Rh1 Kg7 38. h4 h6 39. hxg5 fxg5 40. Rh3 Bf4 41. Kc4 Bd6 42. Rf3 Rb4+ 43. Kd3 Bf4 44. a3 Rb8 45. Kc4 Rf8 46. e5 Bxe5 47. Kxc5 Rxf3 48. Bxf3 d3 49. Kb5 Bc7 50. Kc6 Bf4 51. Kb5 Bc7 52. a4 Kf6 53. b4 axb4 54. Bd1 Bh2 55. Kxb4 Bg1 56. Kc3 Bxf2 57. Kxd3 Ke5 58. Kc4 Kd6 59. Kb5 Kc7 60. Bf3 Kb8 1/2-1/2

[Event "Mittelfranken-chTB2b 0910"]
[Site "Mittelfranken"]
[Date "2009.11.22"]
[Round "3.4"]
[White "Korth, Manfred"]
[Black "Ziegler, Peter"]
[Result "1/2-1/2"]
[WhiteElo "1762"]
[BlackElo "1852"]
[PlyCount "40"]
[EventDate "2009.10.11"]
[EventType "team-tourn"]
[EventRounds "9"]
[EventCountry "GER"]
[SourceTitle "EXT 2011"]
[Source "ChessBase"]
[SourceDate "2010.11.26"]
[SourceVersion "1"]
[SourceVersionDate "2010.11.26"]
[SourceQuality "1"]
[WhiteTeam "Heideck/Hilpoltstein"]
[BlackTeam "Nuernberg Zabo"]
[WhiteTeamCountry "GER"]
[BlackTeamCountry "GER"]

1. Nf3 d6 2. g3 g6 3. Bg2 Bg7 4. 0-0 Nc6 5. d3 e5 6. e4 Nge7 7. c3 0-0 8. Ng5 h6 9. Nh3 Be6 10. f4 f5 11. Nf2 Qd7 12. Be3 d5 13. fxe5 Nxe5 14. Nd2 dxe4 15. dxe4 Rad8 16. Qc2 Qb5 17. Rfd1 Qe2 18. Re1 Qh5 19. Qd1 Qxd1 20. Raxd1 Nd3 1/2-1/2

[Event "Nuremberg Zabo op 11th"]
[Site "Nuremberg"]
[Date "2009.09.19"]
[Round "3"]
[White "Ziegler, Peter"]
[Black "Rausch, Wolfgang"]
[Result "0-1"]
[WhiteElo "1851"]
[BlackElo "1976"]
[PlyCount "120"]
[EventDate "2009.09.18"]
[EventType "swiss"]
[EventRounds "5"]
[EventCountry "GER"]
[SourceTitle "EXT 2012"]
[Source "ChessBase"]
[SourceDate "2011.11.24"]
[SourceVersion "1"]
[SourceVersionDate "2011.11.24"]
[SourceQuality "1"]

1. e4 c6 2. d4 d5 3. exd5 cxd5 4. c4 Nf6 5. Nc3 g6 6. Nf3 Bg7 7. Qb3 0-0 8. cxd5 Nbd7 9. Bd3 Nb6 10. 0-0 Nbxd5 11. Re1 e6 12. Bg5 Qa5 13. Rac1 Qb6 14. Bc4 Qxb3 15. Bxb3 Nxc3 16. Rxc3 h6 17. Bf4 Bd7 18. Ne5 Bb5 19. Rc5 Ba6 20. Rec1 Rad8 21. Be3 g5 22. h3 Nd7 23. Ra5 Nb6 24. Rac5 Rd6 25. Rc7 Nd5 26. Rc8 Rdd8 27. Rxd8 Rxd8 28. Bd2 Bxe5 29. dxe5 Nf4 30. Bxf4 gxf4 31. Rd1 Rd3 32. Bc2 Rxd1+ 33. Bxd1 Bd3 34. Kh2 Kg7 35. Bh5 f6 36. exf6+ Kxf6 37. g3 Ke5 38. h4 Bc4 39. a3 Bf1 40. g4 Kf6 41. Be8 Be2 42. Kh3 e5 43. Bd7 Bf3 44. Bc8 a5 45. Kh2 Bc6 46. Kg1 e4 47. Kf1 b6 48. Ke1 Ke5 49. g5 hxg5 50. hxg5 Be8 51. Kd2 Bg6 52. Bd7 Kd4 53. Bb5 e3+ 54. fxe3+ fxe3+ 55. Ke1 Ke5 56. Ke2 Kf4 57. Bc6 Bh5+ 58. Kd3 Bf7 59. b4 Bc4+ 60. Kxc4 e2 0-1

[Event "Mittelfranken-chTB2b 0809"]
[Site "Mittelfranken"]
[Date "2009.01.11"]
[Round "4.5"]
[White "Ruderer, Thomas"]
[Black "Ziegler, Peter"]
[Result "1-0"]
[WhiteElo "1734"]
[BlackElo "1849"]
[PlyCount "133"]
[EventDate "2008.10.12"]
[EventType "team"]
[EventRounds "9"]
[EventCountry "GER"]
[SourceTitle "EXT 2011"]
[Source "ChessBase"]
[SourceDate "2010.11.26"]
[SourceVersion "1"]
[SourceVersionDate "2010.11.26"]
[SourceQuality "1"]
[WhiteTeam "Heideck/Hilpoltstein"]
[BlackTeam "Nuernberg Zabo"]
[WhiteTeamCountry "GER"]
[BlackTeamCountry "GER"]

1. e4 e6 2. d4 d5 3. Nd2 Nf6 4. e5 Nfd7 5. Bd3 c5 6. c3 Nc6 7. Ne2 Qb6 8. Nf3 f6 9. exf6 Nxf6 10. 0-0 Bd6 11. dxc5 Bxc5 12. Ned4 0-0 13. Be3 Bd7 14. b4 Bxd4 15. Nxd4 Qd8 16. Nxc6 Bxc6 17. Bd4 b6 18. Re1 Bd7 19. Re3 Ne4 20. Rxe4 dxe4 21. Bxe4 Rc8 22. Qh5 Rf5 23. Bxf5 exf5 24. Re1 Qf8 25. Qg5 Re8 26. Rxe8 Bxe8 27. Qe3 Qf7 28. Qe5 h6 29. h3 Qg6 30. g3 Kh7 31. a3 Qf7 32. c4 h5 33. h4 Bc6 34. c5 bxc5 35. Qxc5 Qd5 36. Qxd5 Bxd5 37. Bxa7 Bc6 38. Kf1 Kg8 39. Ke2 Kf7 40. Ke3 Ke6 41. Kd4 Kd6 42. Bb8+ Kd7 43. Ke5 Be4 44. a4 Bc2 45. a5 Bd3 46. Kd4 Be2 47. Kc5 Kc8 48. Be5 Kb7 49. b5 g6 50. a6+ Ka7 51. Bd4 Bd3 52. Kc6+ Kb8 53. a7+ Ka8 54. b6 Be4+ 55. Kd6 Bd3 56. Ke5 Bc2 57. f4 Bd1 58. Kf6 Bg4 59. Kxg6 Kb7 60. Kf6 Ka8 61. Ke6 Kb7 62. Bc5 Bh3 63. Kd6 Bg4 64. a8Q+ Kxa8 65. Kc7 Bf3 66. g4 fxg4 67. f5 1-0

[Event "Mittelfrankenliga-B2b 0607"]
[Site "Mittelfranken"]
[Date "2007.05.06"]
[Round "9.3"]
[White "Ziegler, Peter"]
[Black "Firla, Erwin"]
[Result "1/2-1/2"]
[WhiteElo "1857"]
[BlackElo "1896"]
[PlyCount "43"]
[EventDate "2006.10.22"]
[EventType "team-tourn"]
[EventRounds "9"]
[EventCountry "GER"]
[SourceTitle "EXT 2011"]
[Source "ChessBase"]
[SourceDate "2010.11.26"]
[SourceVersion "1"]
[SourceVersionDate "2010.11.26"]
[SourceQuality "1"]
[WhiteTeam "Nuernberg Zabo"]
[BlackTeam "Postbauer II"]
[WhiteTeamCountry "GER"]
[BlackTeamCountry "GER"]

1. e4 e5 2. f4 exf4 3. Nf3 Be7 4. Bc4 d6 5. d4 Nf6 6. Nc3 0-0 7. Bxf4 Nxe4 8. Nxe4 d5 9. 0-0 dxe4 10. Ne5 Bf6 11. c3 c6 12. Qb3 Qe7 13. Rae1 b5 14. Be2 Bxe5 15. Bxe5 Nd7 16. Bg3 Nf6 17. Qc2 a5 18. b3 Be6 19. c4 bxc4 20. bxc4 Qd7 21. Rd1 Rfd8 22. Qc3 1/2-1/2

[Event "Mittelfrankenliga-B2b 0607"]
[Site "Mittelfranken"]
[Date "2006.12.03"]
[Round "3.3"]
[White "Muenster, Manfred"]
[Black "Ziegler, Peter"]
[Result "1-0"]
[WhiteElo "1963"]
[BlackElo "1857"]
[PlyCount "67"]
[EventDate "2006.10.22"]
[EventType "team-tourn"]
[EventRounds "9"]
[EventCountry "GER"]
[SourceTitle "EXT 2011"]
[Source "ChessBase"]
[SourceDate "2010.11.26"]
[SourceVersion "1"]
[SourceVersionDate "2010.11.26"]
[SourceQuality "1"]
[WhiteTeam "Heilsbronn"]
[BlackTeam "Nuernberg Zabo"]
[WhiteTeamCountry "GER"]
[BlackTeamCountry "GER"]

1. e4 e6 2. d4 d5 3. e5 c5 4. c3 Nc6 5. Nf3 Qb6 6. Be2 cxd4 7. cxd4 Nh6 8. b3 Bb4+ 9. Kf1 Nf5 10. Bb2 Bd7 11. g4 Nh6 12. h3 Rc8 13. Kg2 f6 14. exf6 gxf6 15. a3 Be7 16. Bc1 Nf7 17. b4 Rg8 18. Kf1 Rg7 19. Be3 Bd6 20. Nbd2 Qd8 21. Nb3 e5 22. dxe5 Ncxe5 23. Nc5 Bxc5 24. Bxc5 b6 25. Be3 Nxf3 26. Bxf3 Bb5+ 27. Kg1 Bc6 28. Qd4 Ne5 29. Bg2 Rcc7 30. Bf4 Qe7 31. Kh2 h5 32. g5 Kf8 33. gxf6 Qxf6 34. Bxe5 1-0

[Event "Nuremberg Zabo op 03rd"]
[Site "Nuremberg"]
[Date "2001.09.23"]
[Round "5"]
[White "White, Herbert"]
[Black "Ziegler, Peter"]
[Result "1/2-1/2"]
[WhiteElo "1704"]
[BlackElo "1746"]
[PlyCount "57"]
[EventDate "2001.09.21"]
[EventType "swiss"]
[EventRounds "5"]
[EventCountry "GER"]
[SourceTitle "EXT 2003"]
[Source "ChessBase"]
[SourceDate "2002.11.25"]
[SourceVersion "1"]
[SourceVersionDate "2002.11.25"]
[SourceQuality "1"]

1. d4 Nf6 2. c4 g6 3. Nc3 d5 4. Nf3 Bg7 5. g3 dxc4 6. Qa4+ Nfd7 7. Bg2 0-0 8. Qxc4 Nb6 9. Qd3 Nc6 10. e3 e5 11. Ne2 Re8 12. 0-0 e4 13. Qc2 exf3 14. Bxf3 Nd5 15. a3 Nde7 16. b4 Rb8 17. b5 Na5 18. Bd2 b6 19. Rac1 Bb7 20. Bg4 f5 21. Bh3 c6 22. Qa2+ Kh8 23. Bxa5 bxa5 24. bxc6 Bxc6 25. Nf4 Qd6 26. Rfd1 Bd5 27. Nxd5 Qxd5 28. Qxd5 Nxd5 29. Rc5 1/2-1/2